<?xml version="1.0" encoding="UTF-8"?>
<collection xmlns="http://www.loc.gov/MARC21/slim">
<record>
  <controlfield tag="001">132012</controlfield>
  <controlfield tag="005">20240308105336.0</controlfield>
  <datafield tag="024" ind1="7" ind2=" ">
    <subfield code="2">doi</subfield>
    <subfield code="a">10.26754/CINAIC.2023.0112</subfield>
  </datafield>
  <datafield tag="037" ind1=" " ind2=" ">
    <subfield code="a">COMPON-2023-CINAIC-0112</subfield>
  </datafield>
  <datafield tag="041" ind1=" " ind2=" ">
    <subfield code="a"></subfield>
  </datafield>
  <datafield tag="100" ind1=" " ind2=" ">
    <subfield code="a">Quispe Rojas,  Julio Ernesto</subfield>
    <subfield code="u">Universidad Nacional Pedro Ruiz Gallo, Perú</subfield>
  </datafield>
  <datafield tag="245" ind1=" " ind2=" ">
    <subfield code="a">Tecnología del siglo XIX y el siglo XXI  para presentar imagen y sonido de remembranzas históricas del Perú</subfield>
  </datafield>
  <datafield tag="260" ind1=" " ind2=" ">
    <subfield code="a">Zaragoza</subfield>
    <subfield code="b">Universidad de Zaragoza, Servicio de Publicaciones</subfield>
    <subfield code="c">2023</subfield>
  </datafield>
  <datafield tag="300" ind1=" " ind2=" ">
    <subfield code="e"></subfield>
  </datafield>
  <datafield tag="520" ind1="3" ind2=" ">
    <subfield code="a">El estudio muestra la aplicación de la metodología de investigación acción mediante el usos de tecnologías emergentes para representar imágenes y sonidos de las remembranzas históricas del norte del  Perú, y generar dinámica en las sesiones de enseñanza aprendizaje, inmovilizadas y virtuales por las restricciones de la Pandemia del COVID-19,  teniendo como orientación el estilo del inventor peruano Teniente Coronel Pedro Ruiz Gallo que construyó el Gran Reloj presentado en el Parque de la Exposición de Lima. El resultado fue la simulación de museos de 6 atractivos arqueológicos con tecnologías como la realidad aumentada, realidad virtual, robótica, hologramas. Logrando la ejecución de proyectos de desarrollo tecnológico, basado en la información disponible en la web y la herramientas modernas de ingeniería gratuitas en internet, y así desarrollar la competencia de aprendizaje autónomo y la competencia de investigación, desarrollo tecnológico e innovación.</subfield>
  </datafield>
  <datafield tag="506" ind1=" " ind2=" ">
    <subfield code="a">Access copy available to the general public</subfield>
    <subfield code="f">Unrestricted</subfield>
  </datafield>
  <datafield tag="540" ind1=" " ind2=" ">
    <subfield code="9">info:eu-repo/semantics/openAccess</subfield>
    <subfield code="a">by-nc-nd</subfield>
    <subfield code="u">http://creativecommons.org/licenses/by-nc-nd/3.0/es/</subfield>
  </datafield>
  <datafield tag="653" ind1="1" ind2=" ">
    <subfield code="a">Tecnologías para imágenes y sonido, historia del Perú, atractivos arqueológicos de Perú.  </subfield>
  </datafield>
  <datafield tag="653" ind1="1" ind2=" ">
    <subfield code="a">Technologies for images and sound, history of Peru, archaeological attractions of Peru.  </subfield>
  </datafield>
  <datafield tag="655" ind1=" " ind2="4">
    <subfield code="a">Comunicación</subfield>
  </datafield>
  <datafield tag="700" ind1=" " ind2=" ">
    <subfield code="a">Quispe Tuesta,  Julio Enrique</subfield>
    <subfield code="u">Universidad Nacional Tecnológica de Lima Sur, Perú</subfield>
  </datafield>
  <datafield tag="773" ind1=" " ind2=" ">
    <subfield code="d">Zaragoza</subfield>
    <subfield code="g">Actas del VII Congreso Internacional sobre Aprendizaje, Innovación y Cooperación, CINAIC 2023 (18-20 de Octubre de 2023, Madrid, España)



</subfield>
  </datafield>
  <datafield tag="856" ind1="4" ind2=" ">
    <subfield code="s">956033</subfield>
    <subfield code="u">http://zaguan.unizar.es/record/132012/files/112.pdf</subfield>
  </datafield>
  <datafield tag="909" ind1="C" ind2="O">
    <subfield code="o">oai:zaguan.unizar.es:132012</subfield>
    <subfield code="p">comunicaciones-ponencias</subfield>
  </datafield>
  <datafield tag="970" ind1=" " ind2=" ">
    <subfield code="a">COMPON-2023-CINAIC-0112</subfield>
  </datafield>
  <datafield tag="980" ind1=" " ind2=" ">
    <subfield code="a">COMPON</subfield>
  </datafield>
</record>
</collection>